000 01255nam a2200325 a 4500
001 ebr10254896
003 CaPaEBR
006 m u
007 cr cn|||||||||
008 090430s2007 enk sb 001 0 eng d
020 _z9781845113261
040 _aCaPaEBR
_cCaPaEBR
035 _a(OCoLC)646767735
043 _ae-uk---
050 1 4 _aBL980.G7
_bB73 2007eb
100 1 _aBradley, Ian C.
245 1 0 _aBelieving in Britain
_h[electronic resource] :
_bthe spiritual identity of 'Britishness' /
_cIan Bradley.
246 3 0 _aSpiritual identity of 'Britishness'
260 _aLondon :
_bI.B. Tauris,
_c2007.
300 _a248 p.
504 _aIncludes bibliographical references and index.
533 _aElectronic reproduction.
_bPalo Alto, Calif. :
_cebrary,
_d2013.
_nAvailable via World Wide Web.
_nAccess may be limited to ebrary affiliated libraries.
650 0 _aNational characteristics, British.
650 0 _aGroup identity
_zGreat Britain.
650 0 _aEthnology
_zGreat Britain.
651 0 _aGreat Britain
_xReligion.
655 7 _aElectronic books.
_2local
710 2 _aebrary, Inc.
856 4 0 _uhttp://site.ebrary.com/lib/rucke/Doc?id=10254896
_zAn electronic book accessible through the World Wide Web; click to view
999 _c14660
_d14660